000 00687cab a2200253 4500
001 X1358
008 090401t1994 xxu||||| |||| 00| 0 eng d
035 _a(Sirsi) u16448
041 _aeng
100 _aLamden, B.
245 _aMembers` affairs : Building surveying
260 _c1994
350 _a0
490 _aCSM (Chartered Surveyor Monthly)
_v3(6) March 1994, 50(1)
650 _aCLARKE COMMITTEE
650 _aCONSTITUTIONAL REFORM
650 _aCUBBON REPORT
650 _aEUROPEAN ASSOCIATION OF BUILDING SURVEYORS
650 _aPOMPIDOU CENTRE
650 _aSYLABUSES
690 _aBUILT ENVIRONMENT-BUILDING INSPECTION
942 _n0
948 _c04/03/1997
999 _c10829
_d10829